书目信息 |
| 题名: |
睡莲文化与应用
|
|
| 作者: | 李尚志 , 陈煜初 著 | |
| 分册: | ||
| 出版信息: | 武汉 湖北科学技术出版社 2019.01 |
|
| 页数: | 253页 | |
| 开本: | 21cm | |
| 丛书名: | ||
| 单 册: | ||
| 中图分类: | S682.32 | |
| 科图分类: | ||
| 主题词: | 睡莲--shui lian--文化--中国 , 睡莲--shui lian--观赏园艺 | |
| 电子资源: | ||
| ISBN: | 978-7-5706-0327-5 | |
| 000 | 00957nam0 2200265 450 | |
| 001 | 0109110252 | |
| 005 | 20201109110341.0 | |
| 010 | @a978-7-5706-0327-5@dCNY68.00 | |
| 100 | @a20190508d2019 em y0chiy50 ea | |
| 101 | 0 | @achi |
| 102 | @aCN@b420000 | |
| 105 | @aa z 000yy | |
| 106 | @ar | |
| 200 | 1 | @a睡莲文化与应用@Ashui lian wen hua yu ying yong@dLily's culture and application@f李尚志, 陈煜初著@zeng |
| 210 | @a武汉@c湖北科学技术出版社@d2019.01 | |
| 215 | @a253页@c彩图@d21cm | |
| 330 | @a本书系统地总结了睡莲的文化渊源、科研进展、生产应用,并收录了农业部《睡莲DUS测试指南》项目成果,以希望增进人们对睡莲的了解,促进睡莲产业的发展。 | |
| 510 | 1 | @aLily's culture and application@zeng |
| 606 | 0 | @a睡莲@Ashui lian@x文化@y中国 |
| 606 | 0 | @a睡莲@Ashui lian@x观赏园艺 |
| 690 | @aS682.32@v5 | |
| 701 | 0 | @a李尚志@Ali shang zhi@4著 |
| 701 | 0 | @a陈煜初@Achen yu chu@4著 |
| 801 | 0 | @aCN@bBJSZM@c20201103 |
| 905 | @b1242263-6@dS682.32@e643@f4 | |
| 睡莲文化与应用=Lily's culture and application/李尚志, 陈煜初著.-武汉:湖北科学技术出版社,2019.01 |
| 253页:彩图;21cm |
| ISBN 978-7-5706-0327-5:CNY68.00 |
| 本书系统地总结了睡莲的文化渊源、科研进展、生产应用,并收录了农业部《睡莲DUS测试指南》项目成果,以希望增进人们对睡莲的了解,促进睡莲产业的发展。 |
| ● |
| 相关链接 |
|
|
|
|
正题名:睡莲文化与应用
索取号:S682.32/643
 
预约/预借
| 序号 | 登录号 | 条形码 | 馆藏地/架位号 | 状态 | 备注 |
| 1 | 1242263 | 212422635 | 第二样本阅览室/ [索取号:S682.32/643] | 在馆 | |
| 2 | 1242264 | 212422644 | 第三借阅区/ [索取号:S682.32/643] | 在馆 | |
| 3 | 1242265 | 212422653 | 第三借阅区/ [索取号:S682.32/643] | 在馆 | |
| 4 | 1242266 | 212422662 | 第三借阅区/ [索取号:S682.32/643] | 在馆 |